Responses for Show #5500 - Friday, July 4, 2008

Aaron Schroeder game 1.

Contestants

[<< previous game]

Heather Colby, a veterinarian from Mount Vernon, Ohio

Aaron Schroeder, a graduate student originally from Washington, D.C.

Darryl Tahirali, a proposal writer originally from Toronto, Ontario, Canada (whose 3-day cash winnings total $84,003)

[next game >>]

Jeopardy! Round responses

THE LIBERTY BELL
(Alex: How appropriate.)
I'LL HAVE SECONDS
NORSE MYTHOLOGY
MAG-NIFICENT
THE SCREEN ACTORS GUILD
"SAG"
    $200 16
Philadelphia

Darryl
    $200 21
Jerusalem

Darryl
    $200 8
a dragon

Darryl
    $200 13
Sports Illustrated

Heather
    $200 2
Ronald Reagan

Darryl
    $200 1
Saginaw Bay

Heather
    $1,600 17
13

Darryl
    $400 22
sunrise

Darryl
    $400 9
Odin

Darryl
    $400 14
Time

Darryl
    $400 3
120,000

Heather
    $400 4
Sagittarius

Darryl
    $600 18
George III

Darryl
    $600 23
(Darryl: What is Frederick?)

Wilhelm

DarrylAaron
    $600 10
apples

Darryl
    $600 15
(Darryl: What is The Ladies' Home Journal?)

Consumer Reports

DarrylAaron
    $600 28
The Bourne Ultimatum

Darryl
    $600 5
sage (Riders of the Purple Sage)

Darryl
    $800 19
copper

Aaron
    $800 24
a militia

Aaron
    $800 11
Thor

Heather
    $800 26
(Darryl: What is Nature?)
(Aaron: What is Scientific American?)
(Heather: What is National Geographic?)

Popular Science

DarrylAaronHeather
Triple Stumper
    $800 29
(Darryl: Who is Gloria Swanson?)

Gloria Stuart

Darryl
Triple Stumper
    $800 6
the saguaro cactus

Heather
    $1000 20
(Aaron: Who is Ben Franklin?)

George Washington

DarrylAaron
    $1000 25
the (Lernaean) Hydra

Aaron
    $1000 12
Loki

Aaron
    $1000 27
The New Yorker

Aaron
    $1000 30
A(merican) F(ederation of) T(elevision and) R(adio) A(rtists)

Darryl
    $1000 7
(Heather: What is Sag Harbor?)

Sagamore Hill

Heather
Triple Stumper

Scores at the first commercial break (after clue 15):

Darryl Aaron Heather
$2,200 $1,600 $1,400

Scores at the end of the Jeopardy! Round:

Darryl Aaron Heather
$5,600 $4,000 $600

Double Jeopardy! Round responses

SCIENCE
COUNTRY MUSIC
AUTHORS' HOMES
SUE ME!
TRYING TO MAKE ME GO TO RIYADH
I SAID "NO", "NO", "NO"
    $400 1
seismology

Aaron
    $400 4
cowboys

Darryl
    $400 22
the Hudson River

Aaron
    $400 17
Jacqueline Susann

Heather
    $400 12
oil

Aaron
    $400 11
Noah

Darryl
    $800 2
protons

Aaron
    $800 5
Billy Ray Cyrus

Darryl
    $800 23
George Sand

Darryl
    $800 18
Suze Orman

Darryl
    $800 13
(Heather: What is a desalization plant?)
(Aaron: What is a desalinization plant?)
...
(Alex: Correct response--what are [*]? Go for the obvious.)

wells

AaronHeather
Triple Stumper
    $800 27
Nostradamus

Darryl
    $1200 3
veins

Darryl
    $1200 6
Keith Urban

Heather
    $1200 24
Samuel Taylor Coleridge

Triple Stumper
    $1200 19
Susan Powter

Aaron
    $1200 14
an oasis

Aaron
    $1200 28
Nogales

Darryl
    $1,400 9
a helix

Heather
    $1600 7
Tim McGraw

Heather
    $1600 25
Roald Dahl

Aaron
    $1600 20
(Susan G.) Komen

Aaron
    $1600 15
Mecca

Darryl
    $1600 29
nolo contendere

Darryl
    $2000 10
(Heather: What is bleach?)
(Darryl: What is sodium chloride?)
...
(Alex: Correct response--what is [*]? Sodium chloride is ordinary table salt.)

sodium chlorate

DarrylHeather
Triple Stumper
    $2000 8
Brad Paisley

Triple Stumper
    $2000 26
Emily

Triple Stumper
    $2000 21
Sue Miller

Triple Stumper
    $4,000 16
Osama bin Laden

Darryl
    $2000 30
a nomenclature

Aaron

Scores at the end of the Double Jeopardy! Round:

Darryl Aaron Heather
$17,200 $12,800 $2,400

[wagering suggestions for these scores]

Final Jeopardy! Round responses

FOREIGN COUNTRIES
HeatherWhat are Angola Australia and Argentina?
$2,400
AaronWhat Australia & Argentina
$12,700
DarrylWhat are Australia and Angola?
$8,401
Australia & Argentina

Final scores:

Darryl Aaron Heather
$8,799 $25,500 $4,800
2nd place: $2,000 New champion: $25,500 3rd place: $1,000

Game dynamics:

Coryat scores:

Darryl Aaron Heather
$14,000 $12,800 $2,600
26 R
(including 2 DDs),
5 W
16 R,
3 W
9 R
(including 1 DD),
4 W

Combined Coryat: $29,400

[game clues] [game scores] [suggest correction]

Game tape date: 2008-03-25
The J! Archive is created by fans, for fans. Scraping, republication, monetization, and malicious use prohibited; this site may use cookies and collect identifying information. See terms. The Jeopardy! game show and all elements thereof, including but not limited to copyright and trademark thereto, are the property of Jeopardy Productions, Inc. and are protected under law. This website is not affiliated with, sponsored by, or operated by Jeopardy Productions, Inc. Join the discussion at JBoard.tv.